000 00469nam a22001577a 4500
999 _c7927
_d7925
005 20220215104219.0
008 220215b ||||| |||| 00| 0 eng d
022 _a978935230191
082 _a615.07
100 _aMOHANTA ,GURU PRASAD AND MONNA , PRABAL
_97089
245 _aPHARMACEUTICS; A PRACTICAL MANUAL: (FOR FIRST YEAR PHARMA D PROGRAMME)
260 _aHYDERABAD
_bPHARMA MED PRESS
_c2017
300 _a109;P.
650 _aPHARMACY
_xD PHARMA
_97090
942 _cBK